Polskie miasta zaczynające się na samogłoski na mapie - Statystyki

Ogólne statystyki
  • Ten quiz został rozwiązany 223 razy
  • Średni wynik to 28 z 77
Odpowiedzi na mapie
Odpowiedzi zakodowano w zielono-czerwonej skali na mapie do tego quizu, zgodnie z poniższymi procentami.
 
Statystyki odpowiedzi
Województwo Miasto Populacja % Poprawnych
Warmińsko-Mazurskie Elbląg 110k
95%
Opolskie Opole 125k
94%
Warmińsko-Mazurskie Olsztyn 165k
93%
Śląskie Olsztyn 2,5k
93%
Warmińsko-Mazurskie Ełk 60k
92%
Kujawsko-Pomorskie Inowrocław 66k
82%
Podlaskie Augustów 30k
81%
Warmińsko-Mazurskie Iława 32k
81%
Wielkopolski Ostrów Wielkopolski 70k
69%
Mazowieckie Ostrołęka 50k
68%
Świętokrzyskie Ostrowiec Świętokrzyski 60k
68%
Dolnośląskie Oława 33k
64%
Pomorskie Ustka 13k
63%
Małopolskie Oświęcim 35k
60%
Mazowieckie Otwock 44k
60%
Małopolskie Andrychów 18k
59%
Łódzkie Aleksandrów Łódzki 22k
55%
Kujawsko-Pomorskie Aleksandrów Kujawski 11k
52%
Warmińsko-Mazurskie Ostróda 31k
52%
Dolnośląskie Oleśnica 35k
50%
Świętokrzyskie Oleśnica 1,7k
50%
Małopolskie Olkusz 32k
50%
Podkarpackie Ustrzyki Dolne 8k
50%
Mazowieckie Ostrów Mazowiecka 21k
49%
Łódzkie Opoczno 21k
47%
Warmińsko-Mazurskie Olecko 16k
45%
Świętokrzyskie Opatów 6k
45%
Warmińsko-Mazurskie Olsztynek 7k
44%
Śląskie Ustroń 16k
39%
Świętokrzyskie Ożarów 4,6k
38%
Lubelskie Annopol 2,5k
37%
Małopolskie Alwernia 3,2k
36%
Mazowieckie Iłża 5k
36%
Wielkopolskie Oborniki 17k
35%
Lubelskie Opole Lubelskie 8k
34%
Łódzkie Uniejów 3k
32%
Opolskie Olesno 9k
31%
Śląskie Imielin 9k
30%
Wielkopolskie Ostrzeszów 14k
30%
Opolskie Ujazd 1,8k
29%
Łódzkie Ujazd 1,7k
29%
Małopolskie Opatowiec 300
26%
Mazowieckie Ożarów Mazowiecki 15k
26%
Łódzkie Ozorków 18k
25%
Dolnośląskie Oborniki Śląskie 9k
24%
Lubuskie Iłowa 3,5k
22%
Warmińsko-Mazurskie Orzysz 5k
22%
Wielkopolskie Ujście 3,6k
22%
Podkarpackie Iwonicz-Zdrój 1,5k
21%
Opolskie Otmuchów 6k
21%
Warmińsko-Mazurskie Orneta 8k
19%
Wielkopolskie Opatówek 3,5k
18%
Mazowieckie Osieck 1k
18%
Świętokrzyskie Osiek 2k
18%
Lubelskie Izbica 1,7k
17%
Wielkopolskie Opalenica 9k
17%
Lubelskie Urzędów 1,7k
17%
Łódzkie Inowłódz 800
16%
Śląskie Ogrodzieniec 4k
16%
Podkarpackie Ulanów 1,3k
16%
Zachodniopomorskie Ińsko 1,8k
15%
Lubuskie Ośno Lubuskie 4k
15%
Śląskie Orzesze 22k
14%
Opolskie Ozimek 8k
14%
Kujawsko-Pomorskie Izbica Kujawska 2,5k
13%
Wielkopolskie Okonek 4k
13%
Podkarpackie Oleszyce 2,8k
13%
Lubelskie Ostrów Lubelski 2k
13%
Dolnośląskie Olszyna 4k
12%
Mazowieckie Odrzywół 1k
11%
Wielkopolskie Obrzycko 2,4k
10%
Wielkopolskie Odolanów 10k
10%
Lubuskie Otyń 1,7k
10%
Łódzkie Osjaków 1,3k
9%
Świętokrzyskie Iwaniska 1,3k
8%
Wielkopolskie Osieczna 2,3k
7%
Wielkopolskie Ostroróg 2k
7%
Nie znaleziono quizów pasujących do podanych kryteriów
Rozkład punktacji
Procent ludzi z każdym wynikiem
Percentyl według liczby udzielonych odpowiedzi
Twoja historia wyników
Nie rozwiązałeś tego quizu